000 00432nam a22001097a 4500
082 _a200
100 _aपाण्‍डेय,अशोक कुमार
_982786
245 _aश्रीराम जन्‍मभूमि और अयोध्‍या का संघर्ष पार्ट -2
260 _aदिल्‍ली
_bशिवांक प्रकाशन
_c2025
650 _aधर्म
942 _cHIN
999 _c68567
_d68567